[Event "Bojnice"]
[Site "Bojnice"]
[Date "1993.??.??"]
[Round "?"]
[White "Salai, Ladislav"]
[Black "Priehoda, Vitezslav"]
[Result "1/2-1/2"]
[WhiteElo "2390"]
[BlackElo "2440"]

1.e4 d6 2.d4 Nf6 3.Nc3 c6 4.a4 Qa5 5.Bd2 e5 6.Nf3 Qc7 7.h3 Be7 8.dxe5 dxe5
9.Bc4 O-O 10.O-O a5 11.Qe2 Nh5 12.Rad1 Nd7 13.Ng5 Bxg5 14.Qxh5 Bxd2 15.Rxd2 Nf6
16.Qg5 h6 17.Qe3 Bd7 18.Rfd1 Rae8 19.Rd6 Kh7 20.f4 Bc8 21.f5 b6 22.R1d3 Re7
23.Bb3 Rd7 24.Rxd7 Nxd7 25.Rd2 Nc5 26.Bc4 f6 27.Qg3 Kh8 28.Qe3  1/2-1/2

[Event "Bonn GSK"]
[Site "Bonn"]
[Date "1993.??.??"]
[Round "?"]
[White "Kveinys, Aloyzas"]
[Black "Von Gleich, Alexander"]
[Result "1-0"]
[WhiteElo "2555"]
[BlackElo "2335"]

1.e4 d6 2.d4 Nf6 3.Nc3 e5 4.Nf3 Nbd7 5.g3 g6 6.Bg2 Bg7 7.O-O O-O 8.h3 Re8
9.Re1 a6 10.a4 Rb8 11.a5 exd4 12.Nxd4 c5 13.Nde2 b5 14.axb6 Rxb6 15.Na4 Rb4
16.c3 Rbxe4 17.Bxe4 Nxe4 18.Nf4 Bb7 19.Nd5 Nxg3 20.Rxe8+ Qxe8 21.fxg3 Qe4
22.c4 Bd4+ 23.Kh2 Bxd5 24.cxd5 Ne5 25.Ra3  1-0

[Event "Bonn GSK"]
[Site "Bonn"]
[Date "1993.??.??"]
[Round "?"]
[White "Luther, Thomas"]
[Black "Seul, Georg"]
[Result "1/2-1/2"]
[WhiteElo "2465"]
[BlackElo "2415"]

1.e4 d6 2.d4 Nf6 3.Nc3 e5 4.Nf3 Nbd7 5.Bc4 Be7 6.O-O O-O 7.Re1 c6 8.a4 Qc7
9.b3 Rb8 10.Bb2 Ng4 11.h3 exd4 12.Nxd4 Nge5 13.Nf5 Nf6 14.Nxe7+ Qxe7 15.Bf1 Ne8
16.Qe2 f6 17.Rad1 Nf7 18.Qe3 b6 19.Ne2 Nc7 20.Nd4 Bd7 21.Qg3 Kh8 22.f4 Rfe8
23.Bd3 Qf8 24.Qh4 Qg8 25.Nf3 Rbd8 26.c4 Ne6 27.Bc2 Bc8 28.Nh2 Nf8 29.Ng4 Bxg4
30.hxg4 Nd7 31.Rd3 g5 32.fxg5 Nde5 33.Rf3 Qxg5 34.Qxg5 Nxg5 35.Rxf6 Kg8 36.Rf5 h6
37.Rf4 Rf8 38.Ref1 Rxf4 39.Rxf4 Rf8 40.Rxf8+ Kxf8 41.Kf2 c5  1/2-1/2

[Event "Bonn GSK"]
[Site "Bonn"]
[Date "1993.??.??"]
[Round "?"]
[White "Glek, Igor V"]
[Black "Von Gleich, Alexander"]
[Result "1/2-1/2"]
[WhiteElo "2545"]
[BlackElo "2335"]

1.e4 d6 2.d4 Nf6 3.Nc3 e5 4.Nf3 Nbd7 5.Bc4 Be7 6.O-O O-O 7.a4 a5 8.Ba2 exd4
9.Nxd4 Nc5 10.Re1 Bd7 11.h3 Nxa4 12.Nxa4 Bxa4 13.Ne6 Bxc2 14.Nxd8 Bxd1 15.Nxf7 Bh5
16.Nxd6+ Kh8 17.Nb5 Bb4 18.Nc3 Bf7 19.Bxf7 Rxf7 20.e5 Re8 21.Re2 Rfe7 22.f4 c6
23.Bd2 Kg8 24.Kf2 b5 25.Kf3 a4 26.Nxb5 Bxd2 27.Nd6 Rf8 28.Rxd2 Nd5 29.Rxa4 Rxe5
30.f5 Re6 31.Ne4  1/2-1/2

[Event "Bratislava op"]
[Site "Bratislava"]
[Date "1993.??.??"]
[Round "2"]
[White "Petrik, Stanislav"]
[Black "Kalinin, Oleg"]
[Result "1-0"]
[WhiteElo "2240"]
[BlackElo "2420"]

1.e4 d6 2.d4 Nf6 3.Nc3 Nbd7 4.Be3 e5 5.f3 Be7 6.Qd2 c6 7.O-O-O O-O 8.g4 b5
9.Nce2 Nb6 10.Ng3 exd4 11.Bxd4 d5 12.g5 Ne8 13.h4 f6 14.Kb1 Nd6 15.Nh5 c5
16.gxf6 cxd4 17.fxe7 Qxe7 18.Qxd4 Be6 19.Ne2 Rad8 20.Nxg7 dxe4 21.Nxe6 Qxe6
22.Rg1+ Kf7 23.Qg7+ Ke8 24.Qxa7 Nbc4 25.Nd4 Qe5 26.f4 Rxf4 27.b3 Rd7 28.Rg8+ Ke7
29.Nc6+ Kf6 30.Nxe5 Nd2+  1-0

[Event "Bratislava op"]
[Site "Bratislava"]
[Date "1993.??.??"]
[Round "3"]
[White "Darchia, Diana"]
[Black "Agababian, Naira"]
[Result "1-0"]
[WhiteElo "2040"]
[BlackElo "2195"]

1.e4 d6 2.d4 Nf6 3.Nc3 c6 4.h3 b5 5.a3 a6 6.Be3 Qc7 7.g3 e5 8.Bg2 Be7 9.Nge2 Nbd7
10.O-O O-O 11.f4 Bb7 12.g4 Nb6 13.b3 Nfd7 14.Ng3 exd4 15.Bxd4 c5 16.Bxg7 Rfe8
17.Nf5 Rad8 18.g5 Bf8 19.Bxf8 Nxf8 20.Qh5 Bc8 21.Nh6+ Kg7 22.f5 Rd7 23.Ng4  1-0

[Event "Bratislava op"]
[Site "Bratislava"]
[Date "1993.??.??"]
[Round "7"]
[White "Darchia, Diana"]
[Black "Bartosik, Piotr"]
[Result "1-0"]
[WhiteElo "2040"]
[BlackElo "2230"]

1.e4 d6 2.d4 Nf6 3.Nc3 Nbd7 4.h3 e5 5.Be3 Be7 6.Nge2 O-O 7.g4 c6 8.a4 a5
9.Bg2 Ne8 10.O-O Bg5 11.f4 exf4 12.Nxf4 Nc7 13.Qd2 Nb6 14.b3 Ne6 15.Rad1 Nxf4
16.Bxf4 Bxf4 17.Qxf4 d5 18.exd5 cxd5 19.Nb5 Be6 20.c4 dxc4 21.d5 Bd7 22.bxc4 Nxa4
23.Nc7 Rc8 24.d6 Bc6 25.Bxc6 bxc6 26.Qe5 Nb6 27.Qc5 Na8 28.Nxa8 Rxa8 29.Qxc6 Qg5
30.Qd5 Qe3+ 31.Kg2 Rab8 32.Qd4 Qa3 33.Rf2 Rfd8 34.c5 Rbc8 35.Rxf7 Qa2+ 36.Rf2 Qe6
37.Qd5 Qxd5+ 38.Rxd5 Rc6 39.Re5 a4 40.d7  1-0

[Event "Wch U18 Girls"]
[Site "Bratislava"]
[Date "1993.??.??"]
[Round "7"]
[White "Skripchenko, Almira"]
[Black "Bartosik, Olimpia"]
[Result "1/2-1/2"]
[WhiteElo "2190"]
[BlackElo "2030"]

1.e4 d6 2.d4 Nf6 3.Nc3 Nbd7 4.Nf3 e5 5.Bc4 Be7 6.O-O O-O 7.Re1 c6 8.a4 a5
9.h3 exd4 10.Nxd4 Nc5 11.Bf4 Ne8 12.Qd2 Ne6 13.Be3 Nxd4 14.Bxd4 Be6 15.Bf1 f5
16.exf5 Bxf5 17.Bd3 Bxd3 18.Qxd3 d5 19.Qe3 Rf7 20.Ne2 Nd6 21.Ng3 Bh4 22.Re2 Qd7
23.Rae1 Re8 24.Qd3 Rxe2 25.Rxe2 Bxg3 26.Qxg3 Nf5 27.Qd3 Nxd4 28.Qxd4 Re7
29.Rxe7 Qxe7  1/2-1/2

[Event "Wch U18 Girls"]
[Site "Bratislava"]
[Date "1993.??.??"]
[Round "9"]
[White "Sasu Ducsoara, Andrea"]
[Black "Bartosik, Olimpia"]
[Result "0-1"]
[WhiteElo "2080"]
[BlackElo "2030"]

1.e4 d6 2.d4 Nf6 3.Nc3 Nbd7 4.f4 e5 5.Nf3 exf4 6.Bxf4 c6 7.Qd2 h6 8.O-O-O g5
9.Bg3 Nh5 10.e5 d5 11.Bd3 Nb6 12.Rhf1 Be6 13.Bf2 Nf4 14.Be3 Nxd3+ 15.cxd3 Be7
16.Ng1 Qd7 17.Nge2 O-O-O 18.Ng3 Rdf8 19.Nce2 f5 20.exf6 Bxf6 21.Ng1 Bg4 22.Rde1 Qc7
23.Bf2 Qh7 24.h3 Bd7 25.Nh5 Bd8 26.g4 Be8 27.Ng3 Bg6 28.Re3 Bc7 29.N3e2 Rf7
30.Nf3 Nd7 31.Kc2 Rhf8 32.Bg3 Bf4 33.Bxf4 gxf4 34.Re6 c5 35.dxc5 Nxc5 36.Rxg6 Rc7
37.Ne5 Ne4+ 38.Kd1 Nxd2 39.Kxd2 Re8 40.Rxf4 Rxe5 41.Rf8+ Kd7 42.Rgf6 Qe7
43.Nc3 d4 44.Ne4 Qb4+ 45.Kd1 Rc6 46.R6f7+ Re7 47.Nf6+ Ke6  0-1

[Event "Wch U18"]
[Site "Bratislava"]
[Date "1993.??.??"]
[Round "10"]
[White "Yemelin, Vasily"]
[Black "Fridman, Daniel"]
[Result "1-0"]
[WhiteElo "2380"]
[BlackElo "2380"]

1.e4 d6 2.d4 Nf6 3.Nc3 e5 4.Nf3 Nbd7 5.Bc4 Be7 6.O-O O-O 7.Qe2 c6 8.a4 Qc7
9.h3 b6 10.d5 Bb7 11.dxc6 Bxc6 12.Bg5 Rac8 13.Ba6 Bb7 14.Bxb7 Qxb7 15.Rfd1 Rc5
16.Rd3 Rfc8 17.Rad1 h6 18.Bxf6 Nxf6 19.Nh2 Rc4 20.Re1 a6 21.Ng4 Nxg4 22.Qxg4 b5
23.axb5 axb5 24.Ree3 b4 25.Rg3 g6 26.Nd5 Rxc2 27.Rdf3 Bg5 28.h4 Bf4 29.Rxf4 exf4
30.Qxf4 Rc1+ 31.Kh2 Rd1 32.Qxh6 Rxd5 33.exd5 Qxd5 34.h5 Rc5 35.hxg6 Qh5+
36.Qxh5 Rxh5+ 37.Kg1 Rc5 38.gxf7+ Kxf7 39.Rb3 Rc4 40.Kf1 Ke6 41.Ke2 Kd5 42.Rd3+ Kc5
43.b3 Rc2+ 44.Ke3 d5 45.g4 Rc1 46.Kd2 Ra1 47.g5 Ra2+ 48.Ke3 Ra1 49.Kf4 Rf1
50.Rf3 Re1 51.g6 Re8 52.g7 Kd6 53.Rg3 Rg8 54.Kf5 Ke7 55.Kg6  1-0

[Event "Wch U18 Girls"]
[Site "Bratislava"]
[Date "1993.??.??"]
[Round "11"]
[White "Velcheva, Maria"]
[Black "Bartosik, Olimpia"]
[Result "1/2-1/2"]
[WhiteElo "2150"]
[BlackElo "2030"]

1.e4 d6 2.d4 Nf6 3.Nc3 e5 4.Nf3 Nbd7 5.Bc4 Be7 6.O-O O-O 7.h3 c6 8.a4 a5
9.Be3 exd4 10.Nxd4 d5 11.exd5 Nb6 12.Bb3 Nbxd5 13.Nxd5 Nxd5 14.Bxd5 Qxd5
15.Qe2 Bf6 16.Rad1 Qe4 17.b3 Re8 18.Qd3 Bxd4 19.Bxd4 Qxd3 20.Rxd3 Bf5 21.Rd2 f6  1/2-1/2

[Event "Brussels zt"]
[Site "Brussels"]
[Date "1993.??.??"]
[Round "3"]
[White "Dorfman, Josif D"]
[Black "Hartoch, Robert G"]
[Result "1/2-1/2"]
[WhiteElo "2580"]
[BlackElo "2355"]

1.d4 d6 2.e4 Nf6 3.Nc3 e5 4.Nf3 Nbd7 5.g3 c6 6.a4 Be7 7.Bg2 b6 8.O-O O-O
9.Re1 a6 10.Nd2 Bb7 11.Nc4 Qc7 12.b3 b5 13.Ne3 Rfe8 14.Bb2 Bf8 15.axb5 axb5
16.Rxa8 Bxa8 17.d5 b4 18.dxc6 Bxc6 19.Ncd5 Bxd5 20.exd5 g6 21.Qa1 Qb7 22.Qa4 Nc5
23.Qc6 Qb8  1/2-1/2

[Event "Brussels zt"]
[Site "Brussels"]
[Date "1993.??.??"]
[Round "7"]
[White "Geenen, Marc"]
[Black "Hartoch, Robert G"]
[Result "1/2-1/2"]
[WhiteElo "2320"]
[BlackElo "2355"]

1.e4 d6 2.d4 Nf6 3.Nc3 e5 4.Nf3 Nbd7 5.Bc4 Be7 6.O-O O-O 7.Qe2 exd4 8.Nxd4 Ne5
9.Bb3 c5 10.Nf5 Bxf5 11.exf5 Qd7 12.Nd5 Rae8 13.Bf4 Qxf5 14.Bxe5 Qxe5 15.Qxe5 dxe5
16.Rad1 b5  1/2-1/2

[Event "Brussels zt"]
[Site "Brussels"]
[Date "1993.??.??"]
[Round "8"]
[White "Prie, Eric"]
[Black "Reinderman, Dimitri"]
[Result "1/2-1/2"]
[WhiteElo "2470"]
[BlackElo "2415"]

1.e4 d6 2.d4 Nf6 3.Nc3 e5 4.dxe5 dxe5 5.Qxd8+ Kxd8 6.Bc4 Be6 7.Bxe6 fxe6
8.f3 Nc6 9.Be3 Bd6 10.Nb1 Ke7 11.c3 h6 12.Nd2 a5 13.a4 Nd7 14.Nh3 Bc5 15.Ke2 Bxe3
16.Kxe3 Nc5 17.Nf2 Rhd8 18.Ra3 b6 19.Nb3 Nb7 20.Ke2 Nd6 21.Rd1 Rd7 22.Rd3 h5
23.h4 Rad8 24.Nd2 Nb8 25.Nf1 Na6 26.Ne3 Kf6 27.Neg4+ hxg4 28.Nxg4+ Ke7 29.Nxe5 Kf6
30.f4 Nc5 31.Nxd7+ Rxd7 32.e5+ Kf5 33.Rd4 Nde4 34.Ke3 Ng3 35.Kf3 Nf1 36.g4+ Kg6
37.Ra1 Nd2+ 38.Ke2 Rxd4 39.cxd4 Ndb3 40.dxc5 Nxa1 41.cxb6 cxb6 42.Kd3 Nb3
43.Kc4 Nc5 44.Kb5 Kf7 45.h5 g6 46.hxg6+  1/2-1/2

[Event "Brussels zt"]
[Site "Brussels"]
[Date "1993.??.??"]
[Round "9"]
[White "Berend, Fred"]
[Black "Hartoch, Robert G"]
[Result "1/2-1/2"]
[WhiteElo "2305"]
[BlackElo "2355"]

1.e4 d6 2.d4 Nf6 3.Nc3 e5 4.dxe5 dxe5 5.Qxd8+ Kxd8 6.Bc4 Be6 7.Bxe6 fxe6
8.f3 Nc6 9.Be3 Bd6 10.O-O-O Ke7 11.Nb5 a6 12.Nxd6 cxd6 13.Ne2 Rac8 14.Rd2 b5
15.Rhd1 Rhd8 16.Kb1 Rd7 17.a3 Na5 18.b3 Nb7 19.Nc1 Rdc7 20.Nd3 a5 21.Kb2 Rc6
22.Re2 Nd7 23.h4 Ndc5 24.Nc1 Nd7 25.Bf2 Rf8 26.Na2 Rfc8 27.Be1 Rb8 28.Rd3 Ndc5
29.Rd1 Nd7 30.Kb1 Rbc8 31.Rd3 Ndc5 32.Rde3 Rb8 33.Nc3 Nd8 34.Na2 Ra6 35.Rd2 Rc8
36.Rd1 Rca8 37.Kb2 Rc8 38.Re2 Nf7 39.Rc1 Rb8 40.Bf2 Rc6 41.Rd2 Rb7 42.Nc3 Na4+
43.Nxa4 bxa4 44.Rd3 Nd8 45.Be3 axb3 46.cxb3 Rxc1 47.Bxc1 Kd7 48.a4 Nc6 49.Be3 Kc7
50.Bd2 Rb8 51.Ka3 Kd7 52.h5 Rb7 53.f4 exf4 54.Bxf4 e5  1/2-1/2

[Event "Brussels zt"]
[Site "Brussels"]
[Date "1993.??.??"]
[Round "11"]
[White "Winkler, Caroline"]
[Black "Hartoch, Robert G"]
[Result "1/2-1/2"]
[WhiteElo "2110"]
[BlackElo "2355"]

1.e4 d6 2.d4 Nf6 3.Nc3 e5 4.dxe5 dxe5 5.Qxd8+ Kxd8 6.Bc4 Be6 7.Bxe6 fxe6
8.f3 a6 9.Be3 Nc6 10.Nge2 Bd6  1/2-1/2

[Event "Bucharest"]
[Site "Bucharest"]
[Date "1993.??.??"]
[Round "?"]
[White "Kiselev, Sergey"]
[Black "Moldovan, Daniel"]
[Result "1/2-1/2"]
[WhiteElo "2510"]
[BlackElo "2435"]

1.d4 d6 2.e4 Nf6 3.Nc3 e5 4.dxe5 dxe5 5.Qxd8+ Kxd8 6.Bg5 Be6 7.O-O-O+ Nd7
8.g3 Kc8 9.f4 h6 10.f5 hxg5 11.fxe6 fxe6 12.Bc4 g4 13.Bxe6 c6 14.Nge2 Kc7
15.h3  1/2-1/2

[Event "Bucharest schev"]
[Site "Bucharest"]
[Date "1993.??.??"]
[Round "?"]
[White "Negulescu, Adrian"]
[Black "Shumiakina, Tatiana"]
[Result "1-0"]
[WhiteElo "2425"]
[BlackElo "2305"]

1.e4 d6 2.d4 Nf6 3.Nc3 e5 4.Nf3 Nbd7 5.Bc4 Be7 6.Ng5 O-O 7.Bxf7+ Rxf7 8.Ne6 Qe8
9.Nxc7 Qd8 10.Nxa8 b5 11.dxe5 dxe5 12.Bg5 Bb7 13.Bxf6 Bxf6 14.Nxb5 Qa5+ 15.Nc3 Bxe4
16.Nc7 Bxg2 17.Rg1 Qxc7 18.Rxg2 Qb7 19.Kf1 e4 20.Nd5 Bxb2 21.Rb1 Ne5 22.Kg1 Nc4
23.Qh5 Nd2 24.Rd1 Nf3+ 25.Kh1 Bd4 26.Ne3 g6 27.Qg4 Kf8 28.Qe6 Re7 29.Qc4 Rc7
30.Qa4 Bxe3 31.fxe3 Kg7 32.c4 Rf7 33.c5 Qe7 34.c6 Qh4 35.Qb4 Qh5 36.Rc1 Nh4
37.c7 Qf3 38.Qb2+ Kh6 39.c8=Q  1-0

[Event "Bucharest schev"]
[Site "Bucharest"]
[Date "1993.??.??"]
[Round "?"]
[White "Khachian, Melikset"]
[Black "Shumiakina, Tatiana"]
[Result "1-0"]
[WhiteElo "2415"]
[BlackElo "2305"]

1.d4 Nf6 2.Nc3 d6 3.e4 e5 4.dxe5 dxe5 5.Qxd8+ Kxd8 6.Bg5 Be6 7.O-O-O+ Nd7
8.f4 exf4 9.Nf3 h6 10.Bxf4 Bb4 11.Nb5 Ba5 12.Nbd4 g5 13.Nxe6+ fxe6 14.Bg3 Ke7
15.Bd3 Rhf8 16.Rhf1 Ng4 17.Bb5 Rad8 18.Bxd7 Ne3 19.Bb5 Nxf1 20.Rxf1 a6 21.Bd3 Bb6
22.Kd1 c6 23.Ke2 Rg8 24.Ne5 Rg7 25.Ng4 Rh7 26.h4 Bd4 27.c3 Bg7 28.Bf2 Kd7
29.Bc5 Bh8 30.e5 Rg7 31.h5 Kc8 32.Bc4  1-0

[Event "Bucharest schev"]
[Site "Bucharest"]
[Date "1993.??.??"]
[Round "?"]
[White "Tomescu, Vlad"]
[Black "Racasan, Sebastian"]
[Result "1-0"]
[WhiteElo "2435"]
[BlackElo "2215"]

1.e4 d6 2.d4 Nf6 3.Nc3 e5 4.dxe5 dxe5 5.Qxd8+ Kxd8 6.Bc4 Be6 7.Bxe6 fxe6
8.Nge2 Nbd7 9.Be3 a6 10.f3 Bd6 11.Nc1 Ke7 12.Nd3 h6 13.Na4 b5 14.Nac5 Nxc5
15.Nxc5 Nd7 16.Nxd7 Kxd7 17.Ke2 Rhb8 18.h4 Ke7 19.h5 Kf7 20.Rhb1 Be7 21.a4 Bd6
22.Ra2 Ke8 23.b3 Kf7 24.c3 b4 25.c4 a5 26.Rd1 Rd8 27.Rad2 Ke8 28.g3 Be7 29.f4 Rxd2+
30.Rxd2 Bf6 31.f5 Rd8 32.Kf3 Rxd2 33.Bxd2 Kf7 34.Bc1 Be7 35.Be3 Kf6 36.g4 Kf7
37.g5 hxg5 38.Kg4 Bd6 39.Bxg5 Bc5 40.Bd8 Bb6 41.c5  1-0

[Event "Bucharest schev"]
[Site "Bucharest"]
[Date "1993.??.??"]
[Round "?"]
[White "Hristodorescu, Daniel"]
[Black "Racasan, Sebastian"]
[Result "1-0"]
[WhiteElo "2335"]
[BlackElo "2215"]

1.e4 d6 2.d4 Nf6 3.Nc3 e5 4.Nf3 Nbd7 5.g3 c6 6.a4 b6 7.Bg2 a6 8.O-O Bb7 9.h3 g6
10.Be3 Bg7 11.Qe2 O-O 12.Rfd1 exd4 13.Nxd4 Re8 14.Nb3 Qc7 15.g4 Ne5 16.f4 Ned7
17.Qd3 Bf8 18.g5 Nh5 19.Nd2 d5 20.Ne2 Nc5 21.Qc3 Ne6 22.Rf1 d4 23.Nxd4 Nxd4
24.Bxd4 Nxf4 25.Qf3 c5 26.Bc3 Ne6 27.Rf2 Bg7 28.Bxg7 Nxg7 29.Raf1 Re7 30.h4 Rae8
31.Qb3 Ne6 32.c3 Bc6 33.Nc4 b5 34.axb5 Bxb5 35.Ne3 Bxf1 36.Nd5 Qg3 37.Rxf1 Kg7
38.Nxe7 Rxe7 39.Qd5 Qxh4 40.Qe5+ Kg8 41.Rd1 Re8 42.Rd5 Qe1+ 43.Kh2 Qf2 44.c4 Rc8
45.Qf6 Qh4+ 46.Kg1 Rf8 47.Re5 Qg4 48.Kf2 Rb8 49.Rd5 Rf8 50.Qe5 Nf4 51.Bf3 Qh4+
52.Ke3 Qg3 53.Qxf4 Qe1+ 54.Kd3  1-0

[Event "Bucharest"]
[Site "Bucharest"]
[Date "1993.??.??"]
[Round "?"]
[White "Apicella, Manuel"]
[Black "Nevednichy, Vladislav"]
[Result "0-1"]
[WhiteElo "2495"]
[BlackElo "2495"]

1.e4 d6 2.d4 Nf6 3.Nc3 e5 4.Nf3 Be7 5.Bc4 Nbd7 6.O-O O-O 7.Qe2 c6 8.a4 exd4
9.Nxd4 Re8 10.Be3 Bf8 11.Nf3 h6 12.Qd3 Ng4 13.Bf4 Nc5 14.Qd4 Qf6 15.Qxf6 Nxf6
16.e5 Nh5 17.Be3 dxe5 18.Rfe1 Nf6 19.Bxc5 Bxc5 20.Rxe5 Bxf2+ 21.Kxf2 Ng4+
22.Kg3 Rxe5 23.Nxe5 Nxe5 24.Bb3 Kf8 25.Ne4 a5 26.Rd1 Ke7 27.Nc5 f6 28.c3 b6
29.Nd3 Nxd3 30.Rxd3 Bf5 31.Re3+ Kd6 32.h4 g5 33.Rf3 Ke5 34.Re3+ Be4 35.hxg5 hxg5
36.Kg4 Rh8 37.g3 Rh2 38.Bf7 f5+ 39.Kxg5 Rxb2 40.Bg6 Kd5 41.g4 Rg2 42.Bxf5 Bxf5
43.Kxf5 Rf2+ 44.Kg6 Rf4 45.g5 Rxa4 46.Rd3+ Kc5 47.Kf5 Ra1 48.g6 Rf1+ 49.Ke6 Rg1
50.Kf5 b5 51.Re3 a4 52.Re5+ Kc4 53.Kf6 Rxg6+ 54.Kxg6 Kxc3 55.Re3+ Kb2 56.Re2+ Kb3
57.Re3+ Kb4 58.Re4+ Kc3 59.Re3+ Kd4 60.Ra3 c5 61.Kf5 c4 62.Ke6 c3 63.Kd6 c2
64.Ra1 b4  0-1

[Event "Bucharest schev"]
[Site "Bucharest"]
[Date "1993.??.??"]
[Round "?"]
[White "Iordachescu, Viorel"]
[Black "Racasan, Sebastian"]
[Result "0-1"]
[WhiteElo "2305"]
[BlackElo "2215"]

1.e4 d6 2.d4 Nf6 3.Nc3 e5 4.Nf3 Nbd7 5.Bc4 Be7 6.O-O O-O 7.Re1 c6 8.a4 b6
9.h3 a6 10.d5 Bb7 11.dxc6 Bxc6 12.Nd5 Nxd5 13.Bxd5 Qc7 14.c3 Qb7 15.Be3 Bxd5
16.Qxd5 Qxd5 17.exd5 f5 18.g3 Rfc8 19.Kg2 h6 20.Red1 g5 21.Ne1 f4 22.Bc1 Rc5
23.gxf4 gxf4 24.f3 Kf7 25.a5 bxa5 26.Kf1 Nf6 27.Nd3 Rcc8 28.Rxa5 Bd8 29.Ra4 Bb6
30.c4 Nd7 31.Bd2 Rg8 32.Be1 Rg1+ 33.Ke2 Rg2+ 34.Kf1 Rag8 35.Bf2 Nc5 36.Rxa6 Nxd3
37.Bxb6 Nxb2 38.Rc1 Nd3 39.Rd1 Nb2 40.Rc1 Rh2 41.Bg1 Rh1  0-1

[Event "Bucharest"]
[Site "Bucharest"]
[Date "1993.??.??"]
[Round "?"]
[White "Gagarin, Vasilij"]
[Black "Rogozenko, Dorin"]
[Result "0-1"]
[WhiteElo "2450"]
[BlackElo "2480"]

1.e4 d6 2.d4 Nf6 3.Nc3 e5 4.Nf3 Nbd7 5.Bc4 Be7 6.O-O O-O 7.Re1 c6 8.a4 Re8
9.a5 h6 10.h3 Rb8 11.dxe5 dxe5 12.Qe2 b5 13.axb6 axb6 14.Nh4 b5 15.Ba2 Nc5
16.Be3 b4 17.Bxc5 Bxc5 18.Nd1 Rb7 19.Qf3 Nh7 20.Nf5 Qf6 21.Bc4 Kh8 22.Ra8 g6
23.Nxh6 Qxf3 24.gxf3 Ng5 25.Be2 Nxh3+ 26.Kf1 Nf4 27.Rxc8 Rxc8 28.Ba6 Rcb8
29.Bxb7 Rxb7 30.Ne3 Bd4 31.Nc4 f5 32.exf5 Rh7 33.Nxe5 Bxe5 34.Rxe5 Rxh6 35.Ke1 g5
36.f6 Rxf6 37.Rxg5 Nd5 38.Ke2 Kh7 39.Rg4 Rg6 40.Kd3 Rf6 41.Kc4 Rf5 42.Re4 Rf6
43.Rg4 Rxf3 44.Kc5 Rf6 45.f3 Kh6 46.Rg3 Ne3 47.Kxb4 Rf4+ 48.Kc3 Nd5+ 49.Kd3 Ne7
50.c3 Ng6 51.Ke3 Rf5 52.Ke4 Rb5 53.b4 Kg7 54.f4 Kf6 55.Rg1 Ne7 56.Rh1 Ng6
57.Rd1 Ke6 58.c4 Rh5 59.c5 Ne7 60.Rd6+ Kf7 61.f5 Rh4+ 62.Ke5 Rxb4 63.f6 Ng6+
64.Kf5 Nh4+ 65.Ke5 Nf3+ 66.Kf5 Rc4 67.Rd7+ Kf8 68.Rd8+ Kf7 69.Rd7+ Ke8 70.f7+ Kf8
71.Rc7 Ra4 72.Kf6 Rf4+ 73.Ke6 Re4+ 74.Kf6 Rf4+ 75.Ke6 Nd4+ 76.Ke5 Rh4 77.Rd7 Nb5
78.Kf5 Kg7 79.Ke6 Re4+ 80.Kf5 Re1 81.Kf4 Rf1+  0-1

[Event "Bucharest (Women)"]
[Site "Bucharest"]
[Date "1993.??.??"]
[Round "1"]
[White "Iosif, Cristina S"]
[Black "Stanciu, Gabriela"]
[Result "1-0"]
[WhiteElo "2195"]
[BlackElo "2260"]

1.e4 d6 2.d4 Nf6 3.Nc3 e5 4.dxe5 dxe5 5.Qxd8+ Kxd8 6.Bg5 Be6 7.O-O-O+ Nd7
8.f4 exf4 9.Nge2 h6 10.Bxf6+ gxf6 11.Nxf4 Bd6 12.Nxe6+ fxe6 13.Bc4 Ke7 14.g3 a6
15.Ne2 b5 16.Bb3 Nc5 17.Nd4 Nxb3+ 18.axb3 c5 19.Nc6+ Kd7 20.e5 Kxc6 21.Rxd6+ Kc7
22.Rxe6 fxe5 23.Rxe5 Kd6 24.Rhe1 h5 25.Re6+ Kd7 26.Re7+ Kd6 27.R1e6+ Kd5
28.Re5+ Kd6 29.R7e6+ Kd7 30.Rg6 h4 31.Rxc5 h3 32.Rcc6 Rhf8 33.Rgf6 a5 34.Kd2 a4
35.b4 Rad8 36.Rfd6+ Ke7 37.Rxd8 Kxd8 38.Ke2 Re8+ 39.Kd3 Rh8 40.Rc5 Rf8 41.Rh5 Rf6
42.Rxh3 Rd6+ 43.Ke3 Rd1 44.Rh5 Rb1 45.Rxb5 Rxb2 46.Kd3 Kc7 47.Kc3 Ra2 48.Ra5 Kb6
49.Rg5 a3 50.Kb3 Ra1 51.h3 a2 52.Kb2  1-0

[Event "Bucharest TIT (Women)"]
[Site "Bucharest"]
[Date "1993.??.??"]
[Round "1"]
[White "Cosma, Elena Luminita"]
[Black "Shumiakina, Tatiana"]
[Result "0-1"]
[WhiteElo "2325"]
[BlackElo "2320"]

1.e4 d6 2.d4 Nf6 3.Nc3 e5 4.dxe5 dxe5 5.Qxd8+ Kxd8 6.Bg5 Be6 7.O-O-O+ Nd7
8.f4 exf4 9.Nf3 h6 10.Bxf4 c6 11.Ne5 Bb4 12.Bc4 Ke7 13.Bxe6 Nxe5 14.Bb3 Ng6
15.Bg3 Rhd8 16.Rdf1 Rd7 17.Rf3 Re8 18.Re1 Kd8 19.e5 Nd5 20.a3 Ba5 21.Bc4 Bxc3
22.bxc3 Kc8 23.Bd3 Nc7 24.Rxf7 Rxf7 25.Bxg6 Rfe7 26.Bxe8 Rxe8 27.Bf2 b6 28.Bg3 Re7
29.h4 Ne6 30.Rf1 Nc5 31.Rf8+ Kd7 32.Rf3 Ne4 33.Bh2 Nc5 34.Re3 Rf7 35.g4  0-1

[Event "Bucharest CCS (Women)"]
[Site "Bucharest"]
[Date "1993.??.??"]
[Round "3"]
[White "Marin Ionescu, Luiza"]
[Black "Ionescu Brandis, Irina"]
[Result "0-1"]
[WhiteElo "2155"]
[BlackElo "2220"]

1.e4 d6 2.d4 Nf6 3.Nc3 e5 4.dxe5 dxe5 5.Qxd8+ Kxd8 6.Bc4 Be6 7.Bxe6 fxe6
8.Bg5 Bd6 9.O-O-O Ke7 10.Nf3 Nc6 11.Nd2 h6 12.Bh4 a6 13.f3 b5 14.Nb3 Rhb8
15.a4 bxa4 16.Nxa4 Rb4 17.Nac5 a5 18.Nd3 Rb5 19.Nd2 a4 20.Nc4 Na5 21.Nxa5 Rbxa5
22.Rhe1 g5 23.Bf2 a3 24.bxa3 Rxa3 25.Kd2 Ra2 26.Rb1 Nh5 27.Rb7 R8a6 28.Bc5 Kd8
29.Bxd6 Rxd6 30.g3 Nf6 31.g4 Nd7 32.Re2 Rxd3+  0-1

[Event "Bucharest (Women)"]
[Site "Bucharest"]
[Date "1993.??.??"]
[Round "4"]
[White "Peptan, Corina"]
[Black "Sheremetieva, Marina"]
[Result "0-1"]
[WhiteElo "2315"]
[BlackElo "2255"]

1.e4 d6 2.d4 Nf6 3.Nc3 c6 4.Nf3 g6 5.Bc4 Bg7 6.O-O O-O 7.e5 Ne8 8.Bf4 Bg4
9.h3 Bxf3 10.Qxf3 d5 11.Bb3 Nc7 12.Ne2 Nd7 13.Qe3 a5 14.a4 f6 15.exf6 Rxf6
16.Bxc7 Qxc7 17.Qxe7 Rf7 18.Qe3 Nf6 19.Ng3 Re8 20.Qd2 h5 21.Rae1 Ref8 22.Qg5 Kh7
23.c3 Bh6 24.Qe5 Qd7 25.Qe6 Qc7 26.Qe5 Qd8 27.Qe2 h4 28.Nh1 Ne4 29.Bc2 Nd2
30.Qg4 Rf6 31.Re6 Rxe6 32.Qxe6 Rf6 33.Qg4 Nxf1 34.Kxf1 Qd6 35.Qxh4 Kg7 36.Qg4 Rf4
37.Qe2 Rf7 38.Kg1 Re7 39.Qd1 Qf4 40.Ng3 Qc1 41.Qxc1 Bxc1 42.Kf1 Bxb2 43.Ne2 b5
44.f4 b4 45.cxb4 axb4 46.Kf2 Kf6 47.g4 g5 48.h4 gxh4 49.g5+ Kf7 50.f5 h3
51.Bd1 b3 52.Kf3 Bc1 53.g6+ Kf6 54.Ng3 Kg5 55.g7 Rxg7 56.Bxb3 Re7 57.Bd1 Bf4
58.f6 Re3+ 59.Kf2 Kxf6 60.Ne2 Kg5 61.Ng1 Rc3  0-1

[Event "Bucharest (Women)"]
[Site "Bucharest"]
[Date "1993.??.??"]
[Round "6"]
[White "Cosma, Elena Luminita"]
[Black "Sheremetieva, Marina"]
[Result "1-0"]
[WhiteElo "2215"]
[BlackElo "2255"]

1.e4 d6 2.d4 Nf6 3.Nc3 c6 4.f4 Qa5 5.Bd3 e5 6.dxe5 dxe5 7.f5 b5 8.Nf3 Nbd7
9.Bd2 Qc7 10.Qe2 Bb7 11.a4 b4 12.Nd1 c5 13.Nf2 Be7 14.a5 a6 15.O-O Nb8 16.c3 Nc6
17.cxb4 cxb4 18.Rfc1 O-O 19.g4 h6 20.Be3 Nh7 21.h4 Qd8 22.Bb6 Qd7 23.Qe3 Bd8
24.g5 hxg5 25.hxg5 Qe8 26.Ng4 Nd4 27.Ngxe5 Bxb6 28.axb6 Nxf5 29.exf5 Bxf3
30.g6 Ng5 31.Bc4 Qe7 32.gxf7+ Kh7 33.Kf2 Nxf7 34.Nxf3 Qxe3+ 35.Kxe3 Nh6 36.Ng5+ Kh8
37.Rh1 Rae8+ 38.Kd2 Rd8+ 39.Kc2 Rd4 40.Be6 Rf4 41.Rxa6  1-0

[Event "Bucharest CCS (Women)"]
[Site "Bucharest"]
[Date "1993.??.??"]
[Round "6"]
[White "Duminica, Mariana"]
[Black "Ionescu Brandis, Irina"]
[Result "0-1"]
[WhiteElo "2130"]
[BlackElo "2220"]

1.e4 d6 2.d4 Nf6 3.Nc3 e5 4.Nf3 Nbd7 5.Bc4 Be7 6.O-O O-O 7.Re1 c6 8.a4 a5
9.h3 exd4 10.Nxd4 Nc5 11.Bf4 Be6 12.Nxe6 fxe6 13.Qd2 d5 14.exd5 exd5 15.Ba2 Kh8
16.Rad1 Nfe4 17.Nxe4 Nxe4 18.Qc1 Qb6 19.Be3 Bc5 20.f3 d4 21.fxe4 dxe3 22.Re2 Qb4
23.e5 Qxa4 24.Bb3 Qb5 25.Rde1 Rf2 26.Rxe3 Re2 27.c4 Rxe1+ 28.Qxe1 Qxb3  0-1

[Event "Bucharest (Women)"]
[Site "Bucharest"]
[Date "1993.??.??"]
[Round "6"]
[White "Baciu Ionescu, Otilia"]
[Black "Ionescu Brandis, Irina"]
[Result "1/2-1/2"]
[WhiteElo "2160"]
[BlackElo "2185"]

1.e4 d6 2.d4 Nf6 3.Nc3 c6 4.Be3 e5 5.dxe5 dxe5 6.Qxd8+ Kxd8 7.Bc4 Ke8 8.O-O-O Nbd7
9.f3 Bc5 10.Bxc5 Nxc5 11.a3 Ke7 12.Nge2 Be6 13.Bxe6 Nxe6 14.Rd2 Rad8 15.Rhd1 Rxd2
16.Rxd2 Rd8  1/2-1/2

[Event "Bucharest ENE"]
[Site "Bucharest"]
[Date "1993.??.??"]
[Round "11"]
[White "Chernov, Vadim"]
[Black "Komliakov, Viktor"]
[Result "1/2-1/2"]
[WhiteElo "2400"]
[BlackElo "2440"]

1.e4 d6 2.d4 Nf6 3.Nc3 e5 4.Nf3 Nbd7 5.Bc4 Be7 6.O-O O-O 7.Re1 c6 8.a4 Re8
9.Ng5 Rf8 10.Nf3 Re8 11.Ng5 Rf8 12.Nf3 Re8 13.Ng5  1/2-1/2

[Event "Budapest FS02 GM"]
[Site "Budapest"]
[Date "1993.??.??"]
[Round "?"]
[White "Urban, Julian"]
[Black "Maiwald, Jens Uwe"]
[Result "1/2-1/2"]
[WhiteElo "2390"]
[BlackElo "2400"]

1.d4 d6 2.e4 Nf6 3.Nc3 Nbd7 4.Nf3 e5 5.Bc4 Be7 6.O-O O-O 7.Re1 c6 8.a4 a5
9.h3 exd4 10.Nxd4 Nc5 11.Bg5 h6 12.Bh4 Ne8 13.Bg3 Bf6 14.Nb3 Nxb3 15.Bxb3 Bh4
16.Ne2 Be6 17.Bxh4 Qxh4 18.Nd4 Bxb3 19.Nxb3 Qf6 20.c3 Nc7 21.Qd3 Rfd8 22.Qe3 Ne6
23.Rad1 Qe5 24.g3 Qh5 25.Kg2 d5 26.e5 b6 27.Nd4 Nxd4 28.cxd4 Qg6 29.Rd2 Rac8
30.Rc1 f6 31.exf6 Qxf6 32.Kg1 Re8 33.Qb3 Qf5 34.h4 Re4 35.Qxb6 Rce8 36.Rf1 Rxh4
37.Qxc6 Qe4 38.gxh4 Qg4+ 39.Kh1 Qxh4+ 40.Kg2 Qg4+ 41.Kh1 Qh5+ 42.Kg2 Qg5+
43.Kh2 Qf4+ 44.Kg2 Qg4+ 45.Kh2  1/2-1/2